Statistics for Spade ,Club,Diamond Or Hearts

Click here to take the quiz!

General Stats

  • This quiz has been taken 21 times
  • The average score is 23 of 25

Answer Stats

HintAnswer% Correct
_____ America (Mexican soccer team)Club
100%
____ in the rough,(a person of good character who lacks in manners or education)Diamond
100%
Lucy in The Sky With _______s (Beatles song)Diamond
100%
My ____ will go on(Iconic song from Titanic)Heart
100%
Eat one's ____ out (Idiom to feel sorrow or jealousyHeart
100%
Ace of _____s (Iconic song by Motorhead)Spade
100%
Kate ____ ,fashion designerSpade
100%
_______ Dogs (David Bowie song and album)Diamond
95%
Bleeding ____ Liberal (Derogatory term for the political left)Heart
95%
Country _____ (Closed membership for golf )Club
90%
S ____ 7 (British music bandClub
90%
______ Med (French vacation company )Club
90%
Culture _____ ('Karma Chameleon band )Club
90%
In Da _____ ( 50 Club hit )Club
90%
Blood ______ (2006 Leonardo Di Caprio film)Diamond
90%
______s Are Forever (James Bond film )Diamond
90%
_____ of Gold (Neil Young song )Heart
90%
Change of ______ ( To change one's mind)Heart
90%
Hungry ______ (Bruce Springsteen song)Heart
90%
Call a ____ a _____ (To call something what it is regardless of coarseness)Spade
90%
_____ ork (Work done in preparation for future work )Spade
90%
Fight ____ ( Chuck Palahniuk novel )Club
85%
Neil ______ (Sweet Caroline singer )Diamond
85%
Atom _____ Mother (Pink Floyd album)Heart
85%
In ______s (Idiom meaning of a large quantity or to a high degree)Spade
85%

Score Distribution

Percentile by Number Answered

Percent of People with Each Score

Your Score History

You have not taken this quiz